| 000 | 02337nam a2200529Ii 4500 | ||
|---|---|---|---|
| 001 | DIGAKAL0095 | ||
| 003 | NyNyDIG | ||
| 008 | 160902t20112011sp ob 000 0 spa d | ||
| 006 | m o d | ||
| 007 | cr ||||||||||| | ||
| 035 | _a(OCoLC)958060109 | ||
| 040 |
_aDGITA _beng _erda _epn _cDGITA |
||
| 020 |
_a9788446036517 _q(eBook ; _qePub) |
||
| 020 |
_a8446036517 _q(eBook ; _qePub) |
||
| 020 | _z9788446028291 | ||
| 020 | _z8446028298 | ||
| 041 | 1 |
_aspa _hlat |
|
| 043 |
_ae-it--- _ae-po--- _ae-sp--- |
||
| 050 | 1 | 4 | _aBX875.D7 ebook |
| 082 | 0 | 4 |
_a262.132 _223 |
| 100 | 1 |
_aValla, Lorenzo, _d1407-1457, _eauthor. |
|
| 240 | 1 | 0 |
_aDe falso credita et ementita Constantini donatione declamatio. _lSpanish |
| 245 | 1 | 0 |
_aRefutación de la donación de Constantino / _cLorenzo Valla ; edición de Antoni Biosca y Francisco Sevillano ; traducción de Antoni Biosca. |
| 264 | 1 |
_aTres Cantos, Madrid, España : _bEdiciones Akal, S.A., _c[2011] |
|
| 264 | 4 | _c©2011 | |
| 300 | _a1 online resource. | ||
| 336 |
_atext _btxt _2rdacontent |
||
| 337 |
_acomputer _bc _2rdamedia |
||
| 338 |
_aonline resource _bcr _2rdacarrier |
||
| 490 | 1 |
_aAkal/Clásicos latinos medievales y renacentistas ; _v27 |
|
| 504 | _aIncludes bibliographical references and index. | ||
| 588 | 0 | _aOnline resource; title from ePub title page (Digitalia, viewed September 4, 2016) | |
| 630 | 0 | 0 | _aConstitutum Constantini. |
| 650 | 0 |
_aPopes _xTemporal power _vEarly works to 1800. |
|
| 650 | 0 | _aForgery of manuscripts. | |
| 655 | 0 | _aElectronic books. | |
| 700 | 1 |
_aBiosca i Bas, Antoni, _etranslator, _eeditor. |
|
| 700 | 1 |
_aSevillano Calero, Francisco, _eeditor. |
|
| 700 | 1 |
_iTranslation of: _aValla, Lorenzo, _d1407-1457. _tDe falso credita et ementita Constantini donatione declamatio. |
|
| 791 | 2 |
_aDigitalia (Firm), _edistributor. |
|
| 793 | 0 |
_gDigitalia eBook Collection: _aAkal |
|
| 776 | 0 | 8 |
_iPrint version: _aValla, Lorenzo, 1407-1457. _sDe falso credita et ementita Constantini donatione declamatio. Spanish. _tRefutación de la donación de Constantino. _dTres Cantos, Madrid : Ediciones Akal, [2011] _z9788446028291 _w(DLC) 2012458390 _w(OCoLC)767578404 |
| 830 | 0 |
_aClásicos latinos medievales ; _v27. |
|
| 856 | 4 | 0 |
_3Digitalia Hispánica _uhttps://www.digitaliapublishing.com/a/27907/ |
| 910 | _aPremium Collection: 2016 | ||
| 942 | _cRAA | ||
| 999 |
_c238966 _d238966 |
||